Human engineering

সংরক্ষণ করুন:
গ্রন্থ-পঞ্জীর বিবরন
প্রধান লেখক: Robens, Lord
বিন্যাস: গ্রন্থ
ভাষা:Undetermined
প্রকাশিত: London Jonathan Cape Thiry Bedford Square 1970
বিষয়গুলি:
ট্যাগগুলো: ট্যাগ যুক্ত করুন
কোনো ট্যাগ নেই, প্রথমজন হিসাবে ট্যাগ করুন!
Thư viện lưu trữ: Trung tâm Học liệu Trường Đại học Cần Thơ
LEADER 00450nam a2200169Ia 4500
001 CTU_79098
008 210402s9999 xx 000 0 und d
082 |a 658.3 
082 |b R638 
100 |a Robens, Lord 
245 0 |a Human engineering 
245 0 |c Lord Robens 
260 |a London 
260 |b Jonathan Cape Thiry Bedford Square 
260 |c 1970 
650 |a Industrial relations 
980 |a Trung tâm Học liệu Trường Đại học Cần Thơ